| 000 | 01008nam0a2200289 4500 | ||
|---|---|---|---|
| 001 | RU\NLR\bibl\837615 | ||
| 005 | 20260406043503.0 | ||
| 010 |
_a5-699-11676-1 _910000 |
||
| 021 |
_aRU _b2005-45929 _92258 |
||
| 035 | _a(NLR Aleph) 000826449 | ||
| 090 |
_a1333573 _c1333573 |
||
| 100 | _a20050907d2005 |||y0rusy50 ca | ||
| 101 | 0 | _arus | |
| 102 | _aRU | ||
| 105 | _aac ||||||||| | ||
| 200 | 1 |
_aРусский народ _iРусский травник _fП.В.[!] Куреннов |
|
| 210 |
_aМосква _cЭКСМО _d2005 |
||
| 215 |
_a249, [6] с. _cил., портр. _d21 |
||
| 225 | 1 | _aПолная иллюстрированная энциклопедия | |
| 606 | 1 |
_aТравники _yРоссия _92391703 _3RU\NLR\auth\661426246 |
|
| 686 | _aР282.11(2Р)я972 | ||
| 700 | 1 |
_4070 _8rus _7ca _aКуреннов _bП. М. _gПавел Матвеевич _3RU\NLR\auth\773535 _9113531 |
|
| 801 | 0 |
_aRU _bNLR _c20050907 _grcr |
|
| 801 | 1 |
_aRU _bNLR _c20050907 |
|
| 942 | _cBOOK | ||
| 980 | _aNB | ||